| 000 | 01275cam a22004213a 4500 | ||
|---|---|---|---|
| 003 | OSt | ||
| 005 | 20140310184329.0 | ||
| 008 | 040716s2004 nyuab c 000 1 eng d | ||
| 010 | _a 2004719438 | ||
| 020 |
_a0439405610 (pbk.) : _c$4.99 ($6.99 Can.) |
||
| 035 | _a(OCoLC)ocm55960060 | ||
| 040 |
_aOOP _cOOP _dIXA _dDLC |
||
| 041 | 0 | _aeng | |
| 042 | _alccopycat | ||
| 050 | 0 | 0 |
_aPZ 7 _b.L345g5 2004 |
| 100 | 1 |
_aLasky, Kathryn. _96040 |
|
| 245 | 1 | 4 |
_aThe shattering / _cKathryn Lasky. |
| 260 |
_aNew York : _bScholastic, _c2004. |
||
| 300 |
_a176 p. : _bill. ; _c19 cm. |
||
| 490 | 0 | _aApple series | |
| 490 | 1 |
_aGuardians of Ga'Hoole ; _vbk. 5 |
|
| 521 | 0 | _aG5 | |
| 526 | _c790 | ||
| 650 | 0 |
_aOwls _vJuvenile fiction. _923784 |
|
| 650 | 0 |
_aOwls _vFiction. _923785 |
|
| 650 | 0 |
_aFantasy. _93293 |
|
| 655 | 7 |
_aChildren's stories. _2lcsh _93012 |
|
| 655 | 7 |
_aFantasy fiction. _2gsafd _93053 |
|
| 710 | 2 |
_aCopyright Paperback Collection (Library of Congress) _5DLC _9705 |
|
| 800 | 1 |
_aLasky, Kathryn. _tGuardians of Ga'Hoole ; _vbk. 5. _923786 |
|
| 906 |
_a7 _bcbc _ccopycat _d2 _encip _f20 _gy-genrareb |
||
| 942 |
_2lcc _cBK-SCHOLAS |
||
| 999 |
_c33649 _d33649 |
||